Numerical Heat Transfer and Fluid Flow (Record no. 23660)

000 -LEADER
fixed length control field 00554nam a22001097a 4500
003 - CONTROL NUMBER IDENTIFIER
control field NUST
005 - DATE AND TIME OF LATEST TRANSACTION
control field 20170523130440.0
008 - FIXED-LENGTH DATA ELEMENTS--GENERAL INFORMATION
fixed length control field 131227b xxu||||| |||| 00| 0 eng d
020 ## - INTERNATIONAL STANDARD BOOK NUMBER
International Standard Book Number 89165223
Terms of availability Available
040 ## - CATALOGING SOURCE
Original cataloging agency DLC
Language of cataloging DLC
Transcribing agency RCMS
082 ## - DEWEY DECIMAL CLASSIFICATION NUMBER
Classification number 536.2 PAT
100 ## - MAIN ENTRY--PERSONAL NAME
Personal name Patankar Suhas V
9 (RLIN) 1330
245 ## - TITLE STATEMENT
Title Numerical Heat Transfer and Fluid Flow
260 ## - PUBLICATION, DISTRIBUTION, ETC.
Place of publication, distribution, etc. India
Name of publisher, distributor, etc. Taylor & Francis
Date of publication, distribution, etc. c1980
300 ## - PHYSICAL DESCRIPTION
Extent xiii,197,p:
Other physical details ill:
Dimensions 22,cm
538 ## - SYSTEM DETAILS NOTE
Display text Shelf no 1 Row No 1
650 ## - SUBJECT ADDED ENTRY--TOPICAL TERM
Topical term or geographic name entry element 1.Heat Transmit ion 2. Fluid dynamics 3. Numerical analysis
9 (RLIN) 1331
856 ## - ELECTRONIC LOCATION AND ACCESS
Materials specified Table of Content Only
942 ## - ADDED ENTRY ELEMENTS (KOHA)
Source of classification or shelving scheme
Koha item type Book
Holdings
Withdrawn status Lost status Source of classification or shelving scheme Damaged status Not for loan Permanent Location Current Location Shelving location Date acquired Total Checkouts Full call number Barcode Date last seen Price effective from Koha item type Date last checked out
          Central Library (CL) Central Library (CL) General Stacks 12/27/2013   536.2PAT RCMS000526 12/27/2013 12/27/2013 Book  
          School of Interdisciplinary Engineering and Sciences (SINES) School of Interdisciplinary Engineering and Sciences (SINES) General Stacks 12/27/2013 1 536.2PAT RCMS000527 03/20/2019 12/27/2013 Book 04/23/2018
© 2023 Central Library, National University of Sciences and Technology. All Rights Reserved.